Países con la mayor densidad poblacional con excepciones - Estadísticas

Estadísticas generales
  • Esta prueba ha sido intentada 2.201 veces
    1.237 desde el último reinicio
  • La puntuación promedio es 11 de 20
Estadísticas de respuestas
Densidad País % Correcto
439 India
89%
324 Japón
85%
1.177 Bangladés
80%
515 Corea del Sur
69%
233 Alemania
66%
308 Pakistán
65%
280 Reino Unido
65%
248 Nigeria
64%
300 Vietnam
63%
397 Filipinas
56%
430 Países Bajos
54%
384 Bélgica
52%
676 Taiwán
52%
214 Suiza
47%
212 Nepal
45%
335 Sri Lanka
43%
218 Corea del Norte
42%
207 Uganda
33%
233 República Dominicana
28%
227 Malaui
14%
No se encontraron pruebas coincidentes
Distribución de puntuación
Porcentaje de gente con cada puntuación
Porcentaje por número respondido
Historial de tus puntuaciones
No has intentado esta prueba desde el último reinicio